| 000 | 00582nam a22001935i 4500 | ||
|---|---|---|---|
| 001 | 48528 | ||
| 003 | ES-MaACL | ||
| 005 | 20240422211908.0 | ||
| 007 | t| | ||
| 008 | 940202s1872 sp ||||1| spa d | ||
| 040 |
_aCAM _bspa |
||
| 100 | 0 |
_aDemóstenes. _943670 |
|
| 245 | 1 | 0 |
_aOraciones escogidas de Demóstenes / _ctraducidas al castellano por Arcadio Roda. |
| 260 |
_aMadrid : _bVictoriano Suarez, _c1872 ( _fImp. de J.M. Pérez) |
||
| 300 |
_aXIV, 352 p. ; _c20 cm. |
||
| 700 | 1 |
_aRoda, Arcadio, _d1844-1921 _9143307 |
|
| 852 |
_aES-MaACL _jG-15796 |
||
| 999 |
_c48528 _d48528 |
||